| 000 | 00828nmm a2200289 a 4500 | ||
|---|---|---|---|
| 003 | AR-BaBNM | ||
| 005 | 20251128203637.0 | ||
| 008 | 167019s1976 ||||||||||||||000 | spa|| | ||
| 040 | _cAR-BaBNM | ||
| 100 | 1 |
_aAxford, Roger _cW. |
|
| 245 | 1 | 0 | _aFundamentos y propósitos de la educación de adultos |
| 250 | _a1ª ed. | ||
| 260 |
_aBuenos Aires _bTroquel _c1976 |
||
| 300 | 0 | _a326 p. | |
| 504 | _aBibliografía p. 321 | ||
| 650 | 4 | _aEDUCACION DE ADULTOS | |
| 650 | 4 | _aCARACTERISTICAS DEL ADULTO | |
| 650 | 4 | _aPROGRAMAS DE EDUCACION DE ADULTOS | |
| 650 | 4 | _aEDUCADORES DE ADULTOS | |
| 650 | 4 | _aEVALUACION DEL ALUMNO | |
| 651 | 4 | _aReino Unido | |
| 653 | 0 | _aORIENTACION EDUCATIVA | |
| 700 | 1 |
_aHarrington, Fred Harvey _eprologuista |
|
| 700 | 1 |
_aViñuales, Carlos A. _etraductor |
|
| 942 | _cBK | ||
| 998 | _cCarmen | ||
| 999 |
_c4303 _d4303 |
||